Saison 2025 MotoGP - Statistiques

Statistiques générales
  • Ce quiz a été pris 19 fois
  • Le résultat moyen est 8 sur 10
Statistiques - réponses
Réponse % Correct
Marc Marquez
100%
Alex Marquez
94%
Fabio Quartararo
94%
Francesco Bagnaia
94%
Johann Zarco
94%
Marco Bezzecchi
94%
Fermin Aldeguer
75%
Franco Morbidelli
69%
Raul Fernandez
69%
Pedro Acosta
63%
Aucun quiz correspondant
Distribution des résultats
% des personnes avec chaque résultat
Percentile par nombre de réponses
Votre historique - résultats
Vous n’avez pas pris ce quiz